MARC

LEADER 00000nam0a2200000 4500
001 68406
005 20231031074829.0
010 |a 5469001997 
035 |a (RuTPU)RU\TPU\book\72847 
090 |a 68406 
100 |a 20041005d2004 m y0rusy50 ca 
101 0 |a rus 
102 |a RU 
105 |a y j 000zy 
200 1 |a История отечественного государства и права  |e учебное пособие  |f Т. К. Кириллова 
210 |a СПб.  |c Питер  |d 2004 
215 |a 160 с. 
225 1 |a Завтра экзамен 
610 1 |a право 
610 1 |a государство 
610 1 |a история 
610 1 |a Россия 
610 1 |a российское законодательство 
610 1 |a российское законодательство 
610 1 |a Древняя Русь 
610 1 |a феодальная раздробленность 
610 1 |a централизованное государство 
610 1 |a феодальный строй 
610 1 |a феодальное право 
610 1 |a сословия 
610 1 |a монархия 
610 1 |a абсолютная монархия 
610 1 |a гражданское право 
610 1 |a наследственное право 
610 1 |a уголовное право 
610 1 |a экономические реформы 
610 1 |a политические реформы 
610 1 |a военные реформы 
610 1 |a судебные реформы 
610 1 |a Советское государство 
610 1 |a военный коммунизм 
610 1 |a НЭП 
610 1 |a политическая система 
610 1 |a конституционное право 
610 1 |a переходные периоды 
610 1 |a учебные пособия 
610 1 |a 9 век 
610 1 |a 10 век 
610 1 |a 11 век 
610 1 |a 12 век 
610 1 |a 13 век 
610 1 |a 14 век 
610 1 |a 15 век 
610 1 |a 16 век 
610 1 |a 17 век 
610 1 |a 18 век 
610 1 |a 19 век 
610 1 |a 20 век 
686 |a Х2(2)я73  |v LBC/SL-A  |2 rubbk 
700 1 |a Кириллова  |b Т. К.  |g Татьяна Константиновна 
801 1 |a RU  |b 63413507  |c 20041005  |g PSBO 
801 2 |a RU  |b 63413507  |c 20130815  |g PSBO 
942 |c BK 
959 |a 119/20040924  |d 1  |e 29  |f ЧЗГЛ:1